[Event "SWE-chT 2223 Elite"]
[Site "Sweden"]
[Date "2022.10.15"]
[Round "2.3"]
[White "Pantzar, Milton"]
[Black "Engqvist, Thomas"]
[Result "1-0"]
[WhiteElo "2465"]
[BlackElo "2333"]
[PlyCount "153"]
[EventDate "2022.10.14"]
[EventType "team-tourn"]
[EventRounds "9"]
[EventCountry "SWE"]
[SourceTitle "CBM 210 Extra"]
[Source "ChessBase"]
[SourceDate "2022.11.30"]
[SourceVersion "1"]
[SourceVersionDate "2022.11.30"]
[SourceQuality "1"]
[WhiteTeam "Lunds"]
[BlackTeam "Wasa"]
[WhiteTeamCountry "SWE"]
[BlackTeamCountry "SWE"]

1. d4 d5 2. c4 c6 3. Nf3 Nf6 4. g3 Bg4 5. Ne5 Bf5 6. Nc3 e6 7. Qb3 Qb6 8. Bf4 Nbd7 9. Nxd7 Nxd7 10. Qxb6 Nxb6 11. cxd5 exd5 12. 0-0-0 Bb4 13. f3 0-0 14. g4 Be6 15. e3 Bxc3 16. bxc3 Na4 17. Kd2 b5 18. h4 a6 19. h5 f6 20. Be2 h6 21. Rb1 Rac8 22. Rhc1 Rfd8 23. Bd3 Nb6 24. Ke2 Na4 25. Kd2 c5 26. Bc2 Nb6 27. Ke2 Rc6 28. a4 Nxa4 29. Bxa4 bxa4 30. Kd2 Rdc8 31. Rb7 a3 32. Rb3 cxd4 33. exd4 a5 34. Rxa3 Ra6 35. Rb1 a4 36. Rb7 Rca8 37. Ke3 R6a7 38. Rb6 Bf7 39. Bb8 Re7+ 40. Kd2 Be8 41. Bg3 Raa7 42. Rb4 Reb7 43. Bd6 Rxb4 44. Bxb4 f5 45. Ke3 fxg4 46. fxg4 Bd7 47. Kf4 Ra6 48. Ke5 Bxg4 49. Kxd5 Bxh5 50. Ke5 g5 51. d5 Kf7 52. c4 Be2 53. c5 Bb5 54. Rc3 Ke8 55. c6 g4 56. c7 Bd7 57. c8Q+ Bxc8 58. Rxc8+ Kd7 59. Rc3 h5 60. Kf5 Rb6 61. Bc5 Rb3 62. Rc4 g3 63. Ke5 g2 64. Rxa4 Rg3 65. Ra7+ Kc8 66. Bg1 Rg5+ 67. Kd6 Rg6+ 68. Kc5 Rf6 69. Rg7 h4 70. Rxg2 h3 71. Rg8+ Kd7 72. Rg7+ Kc8 73. Rh7 Rf1 74. Be3 Rf3 75. Kc6 Rxe3 76. Rh8+ Re8 77. Rxe8# 1-0

[Event "SWE-chB"]
[Site "Uppsala"]
[Date "2022.07.07"]
[Round "6"]
[White "Trost, Edvin"]
[Black "Engqvist, Thomas"]
[Result "1-0"]
[WhiteElo "2345"]
[BlackElo "2330"]
[PlyCount "97"]
[EventDate "2022.07.02"]
[EventType "tourn"]
[EventRounds "9"]
[EventCountry "SWE"]
[EventCategory "5"]
[SourceTitle "CBM 209 Extra"]
[Source "ChessBase"]
[SourceDate "2022.09.30"]
[SourceVersion "1"]
[SourceVersionDate "2022.09.30"]
[SourceQuality "1"]

1. d4 Nf6 2. Nc3 d5 3. Bf4 c6 4. e3 Qb6 5. Rb1 e6 6. Nf3 c5 7. Be2 c4 8. 0-0 Qa5 9. e4 Bb4 10. Bd2 Nc6 11. a3 Bxc3 12. Bxc3 Qd8 13. e5 Ne4 14. Be1 b5 15. g3 f6 16. exf6 Qxf6 17. c3 0-0 18. Bd2 e5 19. Be3 Be6 20. Nxe5 Nxe5 21. dxe5 Qxe5 22. Re1 Rf7 23. Qd4 Qc7 24. Bf4 Rxf4 25. gxf4 Qxf4 26. f3 Ng5 27. Qxf4 Nh3+ 28. Kg2 Nxf4+ 29. Kg3 g5 30. h4 h6 31. Bf1 Kf7 32. hxg5 hxg5 33. b3 Bf5 34. Rb2 a6 35. bxc4 dxc4 36. a4 Bd7 37. Rd2 Ra7 38. Rd6 Be6 39. Rb6 Bd7 40. Re5 Nd3 41. Bxd3 cxd3 42. a5 Bc8 43. Rd6 Rc7 44. Rxd3 Rc4 45. Rxg5 Ra4 46. Rc5 Be6 47. Rc7+ Kf6 48. Rd6 Kf5 49. Rc5+ 1-0

[Event "SWE-chT 2122 Elite"]
[Site "Sweden"]
[Date "2022.04.09"]
[Round "2"]
[White "Engqvist, Thomas"]
[Black "Andersson, Fredrik1111"]
[Result "1-0"]
[WhiteElo "2332"]
[BlackElo "2284"]
[PlyCount "125"]
[EventDate "2021.12.03"]
[EventType "team-tourn"]
[EventRounds "9"]
[EventCountry "SWE"]
[SourceTitle "EXT 2024"]
[Source "ChessBase"]
[SourceDate "2023.10.10"]
[SourceVersion "1"]
[SourceVersionDate "2023.10.10"]
[SourceQuality "1"]
[WhiteTeam "Wasa"]
[BlackTeam "Kungstornet"]
[WhiteTeamCountry "SWE"]
[BlackTeamCountry "SWE"]

1. Nf3 Nf6 2. c4 g6 3. b3 Bg7 4. Bb2 0-0 5. g3 c6 6. Bg2 d5 7. 0-0 Bg4 8. d4 Nbd7 9. Nbd2 a5 10. Re1 a4 11. h3 Bxf3 12. Bxf3 Re8 13. e4 dxe4 14. Nxe4 Nxe4 15. Bxe4 Nc5 16. Bg2 a3 17. Bc3 Ne6 18. Re4 c5 19. Rxe6 fxe6 20. Bxb7 Rb8 21. Bc6 cxd4 22. Bd2 Rf8 23. Qg4 Qd6 24. Be4 d3 25. Rf1 Rbd8 26. h4 Qe5 27. Kg2 Kh8 28. Rh1 Rd4 29. Re1 Rf6 30. Qg5 Qxg5 31. hxg5 Rf8 32. f3 Kg8 33. c5 Rc8 34. Rc1 Be5 35. b4 Rb8 36. c6 Bc7 37. Kf2 Rdxb4 38. Bxb4 Rxb4 39. Bxd3 Rb2+ 40. Rc2 Rxc2+ 41. Bxc2 Kg7 42. f4 h6 43. Kf3 e5 44. f5 gxf5 45. gxh6+ Kxh6 46. Bxf5 Kg5 47. Ke4 Kf6 48. Bg4 e6 49. Bf3 Kg5 50. Bd1 Bb8 51. g4 Bc7 52. Kd3 Kf4 53. Kc4 e4 54. Kb5 Ke5 55. Ka6 Kd6 56. Kb7 Bd8 57. g5 Ke5 58. c7 Bxc7 59. Kxc7 Kf5 60. Kd6 Kxg5 61. Kxe6 Kf4 62. Kd5 Ke3 63. Bc2 1-0

[Event "SWE-chT 1920 Superettan"]
[Site "Sweden"]
[Date "2019.10.19"]
[Round "2"]
[White "Pham, Bich Ngoc"]
[Black "Engqvist, Thomas"]
[Result "0-1"]
[WhiteElo "2244"]
[BlackElo "2325"]
[PlyCount "104"]
[EventDate "2019.10.18"]
[EventType "team-tourn"]
[EventRounds "9"]
[EventCountry "SWE"]
[SourceTitle "EXT 2023"]
[Source "ChessBase"]
[SourceDate "2022.10.05"]
[SourceVersion "1"]
[SourceVersionDate "2022.10.05"]
[SourceQuality "1"]
[WhiteTeam "Orgryte"]
[BlackTeam "Stockholm Rockaden II"]
[WhiteTeamCountry "SWE"]
[BlackTeamCountry "SWE"]

1. g3 d5 2. f4 c5 3. Nf3 g6 4. Bg2 Bg7 5. d3 Nc6 6. 0-0 Nf6 7. c3 0-0 8. Qe1 d4 9. Na3 Nd5 10. Bd2 Bg4 11. e4 dxe3 12. Bxe3 Nb6 13. Qd2 Nd7 14. Ng5 Bf5 15. h3 h6 16. Nf3 h5 17. Nh4 e6 18. Nxf5 exf5 19. Bxc6 bxc6 20. Qf2 Re8 21. Rad1 Bf8 22. Nc4 Qc7 23. Rd2 Re6 24. Kh1 Rae8 25. Rg1 Qd8 26. g4 hxg4 27. hxg4 Nf6 28. gxf5 Qd5+ 29. Kh2 Qxf5 30. Ne5 Bh6 31. Re2 Nd5 32. d4 Nxe3 33. Rxe3 Qxf4+ 34. Kg2 Qxf2+ 35. Kxf2 Bxe3+ 36. Kxe3 f6 37. Rxg6+ Kh7 38. Rg4 cxd4+ 39. cxd4 fxe5 40. dxe5 Rxe5+ 41. Kd3 Rd5+ 42. Kc4 Ra5 43. a3 Ra4+ 44. b4 Rxa3 45. Kc5 a5 46. bxa5 Rxa5+ 47. Kxc6 Re6+ 48. Kb7 Rf5 49. Kc7 Rf7+ 50. Kd8 Ra6 51. Ke8 Rb7 52. Rh4+ Kg6 0-1

[Event "SWE-chT 1819 Superettan"]
[Site "Sweden"]
[Date "2019.03.29"]
[Round "7"]
[White "Engqvist, Thomas"]
[Black "Boe, Mads"]
[Result "1/2-1/2"]
[WhiteElo "2324"]
[BlackElo "2302"]
[PlyCount "155"]
[EventDate "2018.11.09"]
[EventType "team-tourn"]
[EventRounds "9"]
[EventCountry "SWE"]
[SourceTitle "EXT 2020"]
[Source "ChessBase"]
[SourceDate "2019.10.17"]
[SourceVersion "1"]
[SourceVersionDate "2019.10.17"]
[SourceQuality "1"]
[WhiteTeam "Stockholm Rockaden II"]
[BlackTeam "Manhem"]
[WhiteTeamCountry "SWE"]
[BlackTeamCountry "SWE"]

1. e4 c6 2. d4 d5 3. Nd2 dxe4 4. Nxe4 Bf5 5. Nc5 e5 6. Nxb7 Qb6 7. Nc5 exd4 8. Nb3 c5 9. Nf3 Nf6 10. Bd3 Qe6+ 11. Be2 Be7 12. 0-0 0-0 13. Re1 Qb6 14. Ne5 Nbd7 15. Nc4 Qc7 16. Bd3 Bxd3 17. Qxd3 Bd6 18. h3 Rfe8 19. Bd2 Bf4 20. Ba5 Qc6 21. Rxe8+ Rxe8 22. Re1 Rxe1+ 23. Bxe1 Qe6 24. Kf1 Qd5 25. Ba5 Qe6 26. Qe2 Ne4 27. Kg1 f5 28. f3 Ng5 29. Qxe6+ Nxe6 30. Kf2 Kf7 31. g3 Bc7 32. Bxc7 Nxc7 33. Ke2 Ke6 34. c3 dxc3 35. bxc3 g6 36. Kd3 Kd5 37. Nba5 Nb6 38. Ne3+ Kd6 39. f4 Ne8 40. g4 fxg4 41. hxg4 Nf6 42. c4 h5 43. g5 Nfd7 44. Ng2 Nc8 45. Nh4 Ne7 46. Ke4 Ke6 47. Nb7 Kf7 48. Nd6+ Ke6 49. Nb7 Kf7 50. Nd6+ Ke6 51. Nb5 Nb6 52. Nxg6 Nxg6 53. f5+ Kf7 54. Nd6+ Kg7 55. fxg6 Kxg6 56. Kf4 h4 57. Kg4 h3 58. Kxh3 Kxg5 59. Kg3 Kf6 60. Kf4 Ke6 61. Nb7 Nxc4 62. Nxc5+ Kd5 63. Nb3 Nd6 64. Ke3 Kc4 65. Kd2 Kb4 66. Kc2 Ka3 67. Na5 Nb5 68. Kb1 a6 69. Nc4+ Kb4 70. Ne5 Kc3 71. Nc6 Na3+ 72. Kc1 Nc4 73. Kb1 Kd2 74. a4 Kc3 75. Ka2 Nb6 76. a5 Nc4 77. Nb8 Nxa5 78. Nxa6 1/2-1/2

[Event "SWE-chT 1819 Elite"]
[Site "Sweden"]
[Date "2018.11.11"]
[Round "3.4"]
[White "Engqvist, Thomas"]
[Black "Arman, Deniz"]
[Result "0-1"]
[WhiteElo "2331"]
[BlackElo "2356"]
[PlyCount "138"]
[EventDate "2018.11.09"]
[EventType "team-tourn"]
[EventRounds "9"]
[EventCountry "SWE"]
[SourceTitle "CBM 187 Extra"]
[Source "ChessBase"]
[SourceDate "2018.11.04"]
[SourceVersion "1"]
[SourceVersionDate "2018.11.04"]
[SourceQuality "1"]
[WhiteTeam "Stockholm Rockaden"]
[BlackTeam "Stockholm CC"]
[WhiteTeamCountry "SWE"]
[BlackTeamCountry "SWE"]

1. c4 e5 2. g3 Nf6 3. Bg2 g6 4. Nc3 Bg7 5. Nf3 d6 6. 0-0 0-0 7. d4 exd4 8. Nxd4 Re8 9. h3 Nbd7 10. e4 a6 11. Re1 Ne5 12. b3 c5 13. Nc2 Rb8 14. f4 Nc6 15. Rb1 Bd7 16. Qxd6 Nd4 17. Nxd4 cxd4 18. Nd5 Nxd5 19. Qxd5 Qc8 20. Kh2 b5 21. e5 Rd8 22. Rb2 Be6 23. Qc6 bxc4 24. bxc4 Rxb2 25. Bxb2 Qxc6 26. Bxc6 Bxc4 27. Re4 d3 28. Ba4 Bxa2 29. Bd1 Rb8 30. Ba3 Bf8 31. Bxf8 Rb2+ 32. Kg1 Kxf8 33. Ba4 Bb1 34. Rd4 a5 35. Rd8+ Kg7 36. Rd7 Rb4 37. Bc6 Ba2 38. Rxd3 Bb3 39. Rd7 Rb6 40. Bd5 Bxd5 41. Rxd5 Ra6 42. Rd3 a4 43. Ra3 f6 44. exf6+ Kxf6 45. Kf2 Ke6 46. Ke3 Kd5 47. Kd3 Kc5 48. Kc3 h5 49. g4 h4 50. g5 Kd5 51. Kd3 Ra8 52. Ke3 Kc4 53. Kf3 Kb4 54. Ra1 a3 55. Kg4 Rf8 56. Rf1 a2 57. Kxh4 Kc3 58. Kg4 Ra8 59. f5 Ra4+ 60. Kf3 Ra5 61. Ra1 Rxf5+ 62. Kg4 Kb2 63. Rxa2+ Kxa2 64. h4 Rf1 65. h5 Rg1+ 66. Kh4 Rh1+ 67. Kg4 Rxh5 68. Kf4 Rh1 69. Ke5 Rf1 0-1

[Event "SWE-chT 1819 Elite"]
[Site "Sweden"]
[Date "2018.11.09"]
[Round "1.4"]
[White "Drugge, Patrick"]
[Black "Engqvist, Thomas"]
[Result "0-1"]
[WhiteElo "2198"]
[BlackElo "2331"]
[PlyCount "96"]
[EventDate "2018.11.09"]
[EventType "team-tourn"]
[EventRounds "9"]
[EventCountry "SWE"]
[SourceTitle "CBM 189 Extra"]
[Source "ChessBase"]
[SourceDate "2019.06.03"]
[SourceVersion "1"]
[SourceVersionDate "2019.06.03"]
[SourceQuality "1"]
[WhiteTeam "Norrkoping Schack 08"]
[BlackTeam "Stockholm Rockaden"]
[WhiteTeamCountry "SWE"]
[BlackTeamCountry "SWE"]

1. e4 c6 2. d4 d5 3. Nc3 dxe4 4. Nxe4 Bf5 5. Ng3 Bg6 6. Nf3 e6 7. h4 h6 8. h5 Bh7 9. Bd3 Bxd3 10. Qxd3 Nf6 11. Qb3 Qb6 12. Bf4 Nbd7 13. 0-0-0 Qxb3 14. axb3 a5 15. Rhe1 Nb6 16. Be5 Be7 17. Bxf6 gxf6 18. Ne4 Rg8 19. g3 0-0-0 20. c4 Kc7 21. Nc3 Bb4 22. Re4 Rd7 23. Na4 Nxa4 24. bxa4 Rgd8 25. Rd3 c5 26. Kd1 f5 27. Rh4 f6 28. d5 exd5 29. Rf4 dxc4 30. Rxd7+ Rxd7+ 31. Kc2 b5 32. axb5 Kb6 33. Rxf5 Rd6 34. Nh2 Rd2+ 35. Kb1 a4 36. Rxf6+ Kxb5 37. Rf3 c3 38. bxc3 Ba5 39. g4 Kc4 40. g5 hxg5 41. h6 Kb3 42. c4+ Bc3 43. Kc1 a3 44. h7 Rc2+ 45. Kd1 a2 46. Rxc3+ Rxc3 47. h8Q a1Q+ 48. Ke2 Qb2+ 0-1

[Event "SWE-chB"]
[Site "Stockholm"]
[Date "2017.07.15"]
[Round "8"]
[White "Thorn, Eric"]
[Black "Engqvist, Thomas"]
[Result "1-0"]
[WhiteElo "2325"]
[BlackElo "2347"]
[PlyCount "121"]
[EventDate "2017.07.08"]
[EventType "tourn"]
[EventRounds "9"]
[EventCountry "SWE"]
[EventCategory "4"]
[SourceTitle "EXT 2018"]
[Source "ChessBase"]
[SourceDate "2017.10.13"]
[SourceVersion "1"]
[SourceVersionDate "2017.10.13"]
[SourceQuality "1"]

1. d4 Nf6 2. c4 e6 3. Nc3 d5 4. Nf3 Be7 5. Bf4 0-0 6. a3 b6 7. cxd5 exd5 8. Rc1 c5 9. e3 a6 10. dxc5 bxc5 11. Be2 Be6 12. h3 Nbd7 13. 0-0 Qb6 14. Na4 Qb7 15. b4 c4 16. Nd4 a5 17. Rb1 axb4 18. axb4 Qa6 19. Nc3 Rfc8 20. Qc2 Nb6 21. Bf3 h6 22. Rfd1 Qb7 23. Nxe6 fxe6 24. Qg6 Ra3 25. Nb5 Ra2 26. Nd4 Qd7 27. Bxh6 Bf8 28. Bg5 Qf7 29. Qxf7+ Kxf7 30. Bxf6 gxf6 31. Bh5+ Ke7 32. Ra1 Rca8 33. Rxa2 Rxa2 34. e4 Bh6 35. exd5 Nxd5 36. Re1 c3 37. Rxe6+ Kd7 38. Bg4 Kc7 39. Rc6+ Kb7 40. Bf3 Rd2 41. Rc4 Kb6 42. Bxd5 Rxd4 43. Rxd4 c2 44. Rc4 c1Q+ 45. Rxc1 Bxc1 46. Bc4 Ba3 47. b5 Kc5 48. Be2 Bb2 49. g4 Bd4 50. h4 Kd6 51. Kg2 Ke5 52. h5 f5 53. g5 Kf4 54. g6 Kg5 55. b6 Kf6 56. b7 Be5 57. Bd3 Kg7 58. Bxf5 Bb8 59. Kf3 Bh2 60. Ke4 Kh6 61. f4 1-0

[Event "SWE-chB"]
[Site "Stockholm"]
[Date "2017.07.10"]
[Round "3"]
[White "Akesson, Ralf"]
[Black "Engqvist, Thomas"]
[Result "1-0"]
[WhiteElo "2435"]
[BlackElo "2347"]
[PlyCount "135"]
[EventDate "2017.07.08"]
[EventType "tourn"]
[EventRounds "9"]
[EventCountry "SWE"]
[EventCategory "4"]
[SourceTitle "EXT 2018"]
[Source "ChessBase"]
[SourceDate "2017.10.13"]
[SourceVersion "1"]
[SourceVersionDate "2017.10.13"]
[SourceQuality "1"]

1. d4 d5 2. c4 c6 3. Nf3 Nf6 4. e3 g6 5. Nc3 Bg7 6. Bd3 0-0 7. 0-0 Bg4 8. h3 Bxf3 9. Qxf3 dxc4 10. Bxc4 Nbd7 11. Rd1 e5 12. d5 e4 13. Nxe4 Nxe4 14. Qxe4 Nb6 15. Be2 Nxd5 16. Qc2 Qe7 17. Bd2 Be5 18. Bf3 Rfd8 19. Be1 Nf6 20. Qb3 Qc7 21. Qa3 Bd6 22. Qa4 Qe7 23. Bc3 a6 24. Qb3 Ne8 25. Rd4 Ng7 26. Re4 Qc7 27. Rd1 Bh2+ 28. Kh1 Rxd1+ 29. Qxd1 Rd8 30. Qa4 Bd6 31. Qd4 Bf8 32. Qf6 Qd6 33. Qg5 Ne6 34. Qa5 Bg7 35. Bxg7 Kxg7 36. Bg4 Qc5 37. Qxc5 Nxc5 38. Re7 a5 39. b3 h5 40. Bf3 Kf6 41. Rc7 Rd2 42. a3 Rd7 43. Rxd7 Nxd7 44. h4 Nc5 45. Bd1 Ne4 46. Kg1 Nc3 47. Bc2 Nb5 48. a4 Nd6 49. Kf1 Ke5 50. Ke2 Kd5 51. Kd2 b5 52. f3 bxa4 53. bxa4 Kc4 54. g4 hxg4 55. fxg4 Kb4 56. h5 Nc4+ 57. Ke2 gxh5 58. gxh5 Ne5 59. h6 f6 60. h7 Nf7 61. Kd3 c5 62. Bd1 f5 63. Bc2 Ne5+ 64. Kd2 Nf7 65. Bxf5 c4 66. e4 Kb3 67. e5 c3+ 68. Kc1 1-0

[Event "EU-Cup 32nd"]
[Site "Novi Sad"]
[Date "2016.11.07"]
[Round "2.5"]
[White "Engqvist, Thomas"]
[Black "Najer, Evgeniy"]
[Result "0-1"]
[WhiteElo "2350"]
[BlackElo "2683"]
[PlyCount "76"]
[EventDate "2016.11.06"]
[EventType "team-swiss"]
[EventRounds "7"]
[EventCountry "SRB"]
[SourceTitle "CBM 176"]
[Source "ChessBase"]
[SourceDate "2017.01.17"]
[SourceVersion "1"]
[SourceVersionDate "2017.01.17"]
[SourceQuality "1"]
[WhiteTeam "Umea Rockaden"]
[BlackTeam "Moscow SHSM Legacy"]
[WhiteTeamCountry "SWE"]
[BlackTeamCountry "RUS"]

1. Nf3 d5 2. d4 Nf6 3. c4 e6 4. Nc3 c6 5. e3 Nbd7 6. Qc2 Bd6 7. Bd3 0-0 8. 0-0 dxc4 9. Bxc4 e5 10. Bd2 h6 11. Bb3 Re8 12. dxe5 Nxe5 13. Nxe5 Rxe5 14. f4 Bf5 15. Qd1 Re8 16. Qe1 Re7 17. Rf3 a5 18. h3 Qb6 19. Qe2 Be6 20. Na4 Qb5 21. Qxb5 cxb5 22. Bxe6 Rxe6 23. Nc3 b4 24. Ne2 Ne4 25. Be1 Bc5 26. Rd1 Rc8 27. f5 Rd6 28. Rxd6 Bxd6 29. Nd4 Rc1 30. Rf1 Rb1 31. b3 Ra1 32. Nf3 Rxa2 33. Bh4 Rb2 34. Rd1 Rxb3 35. Rd4 Rxe3 36. Bf2 Re2 37. Nd2 Rxd2 38. Rxe4 Rd1+ 0-1

[Event "Budapest FS07 GM"]
[Site "Budapest"]
[Date "2016.07.06"]
[Round "5"]
[White "Kozak, Adam"]
[Black "Engqvist, Thomas"]
[Result "1/2-1/2"]
[WhiteElo "2364"]
[BlackElo "2340"]
[PlyCount "78"]
[EventDate "2016.07.02"]
[EventType "tourn"]
[EventRounds "9"]
[EventCountry "HUN"]
[EventCategory "6"]
[SourceTitle "CBM 173 Extra"]
[Source "ChessBase"]
[SourceDate "2016.08.29"]
[SourceVersion "1"]
[SourceVersionDate "2016.08.29"]
[SourceQuality "1"]

1. d4 Nf6 2. c4 e6 3. Nc3 Bb4 4. Qc2 0-0 5. Nf3 c5 6. dxc5 Na6 7. g3 Nxc5 8. Bg2 Nce4 9. 0-0 Nxc3 10. bxc3 Be7 11. e4 d6 12. e5 dxe5 13. Nxe5 Qc7 14. Re1 Bd6 15. Qe2 Nd7 16. Bf4 Nxe5 17. Bxe5 Rb8 18. Rad1 Bxe5 19. Qxe5 Qxe5 20. Rxe5 b6 21. c5 f6 22. cxb6 axb6 23. Re4 e5 24. Rd6 Bb7 25. Rc4 Bxg2 26. Kxg2 Rfd8 27. Rdc6 Rb7 28. Rb4 Rd2 29. a4 Ra2 30. Rcxb6 Rxb6 31. Rxb6 Rxa4 32. Rc6 Kf7 33. Kf3 f5 34. h4 h5 35. Ke3 f4+ 36. Kf3 fxg3 37. fxg3 Rg4 38. Kf2 Ke7 39. Rc8 Kd7 1/2-1/2

[Event "SWE-chT 1516"]
[Site "Sweden"]
[Date "2016.03.20"]
[Round "9.1"]
[White "Engqvist, Thomas"]
[Black "Gustafsson, Fredrik"]
[Result "1-0"]
[WhiteElo "2353"]
[BlackElo "2205"]
[PlyCount "91"]
[EventDate "2015.11.06"]
[EventType "team-tourn"]
[EventRounds "9"]
[EventCountry "SWE"]
[SourceTitle "EXT 2017"]
[Source "ChessBase"]
[SourceDate "2016.10.25"]
[SourceVersion "1"]
[SourceVersionDate "2016.10.25"]
[SourceQuality "1"]
[WhiteTeam "Stockholm Rockaden"]
[BlackTeam "Eksjo"]
[WhiteTeamCountry "SWE"]
[BlackTeamCountry "SWE"]

1. d4 Nf6 2. c4 g6 3. Nc3 d5 4. Bg5 Ne4 5. Bh4 Nxc3 6. bxc3 Bg7 7. cxd5 Qxd5 8. e3 c5 9. Qf3 Qxf3 10. Nxf3 cxd4 11. cxd4 Nc6 12. Bb5 Bd7 13. Rb1 Rc8 14. 0-0 Na5 15. Bd3 Rc3 16. Be4 Bc6 17. Bxc6+ Rxc6 18. Rfc1 Rxc1+ 19. Rxc1 Kd7 20. Bg3 Rc8 21. Rxc8 Kxc8 22. Ng5 b5 23. f4 Nc4 24. Kf2 Nd6 25. Ke2 h6 26. Nf3 Ne4 27. Be1 Kd7 28. Kd3 Nd6 29. e4 e6 30. Bb4 Nc4 31. g4 Bf6 32. Bf8 h5 33. gxh5 gxh5 34. e5 Bd8 35. Bh6 f5 36. Bg5 Ba5 37. d5 exd5 38. Nd4 Nb2+ 39. Kc2 Na4 40. Nxf5 Nc5 41. Ng7 Ne6 42. Nxh5 Nxg5 43. fxg5 Ke7 44. Nf4 Bd8 45. g6 d4 46. Nd5+ 1-0

[Event "Rilton Cup 45th"]
[Site "Stockholm"]
[Date "2016.01.03"]
[Round "7"]
[White "Hakimifard, Ghazal"]
[Black "Engqvist, Thomas"]
[Result "1-0"]
[WhiteElo "2169"]
[BlackElo "2358"]
[PlyCount "93"]
[EventDate "2015.12.27"]
[EventType "swiss"]
[EventRounds "9"]
[EventCountry "SWE"]
[SourceTitle "CBM 170 Extra"]
[Source "ChessBase"]
[SourceDate "2016.02.25"]
[SourceVersion "1"]
[SourceVersionDate "2016.02.25"]
[SourceQuality "1"]

1. e4 c6 2. d4 d5 3. Nc3 dxe4 4. Nxe4 Bf5 5. Ng3 Bg6 6. h4 h6 7. Nf3 e6 8. h5 Bh7 9. Bd3 Bxd3 10. Qxd3 Nf6 11. Bd2 c5 12. Ne4 cxd4 13. Nxd4 Be7 14. 0-0-0 Qd5 15. Nc3 Qd7 16. Qf3 Nc6 17. Ndb5 Nb4 18. Bxh6 Nxa2+ 19. Kb1 Nxc3+ 20. Nxc3 Qc6 21. Qxc6+ bxc6 22. Bxg7 Rxh5 23. Ne4 Rxh1 24. Rxh1 Ng8 25. Rh8 0-0-0 26. f4 f5 27. Ng5 Bxg5 28. fxg5 Ne7 29. Rh7 Rd7 30. Bf6 Nd5 31. Rh8+ Kb7 32. Be5 Ne7 33. Rh6 Rd1+ 34. Ka2 Kc8 35. Rxe6 Kd7 36. Rh6 Rd2 37. g3 Rxc2 38. Rd6+ Ke8 39. g6 Rc5 40. Bf4 Rd5 41. Re6 Kd7 42. Rf6 Ra5+ 43. Kb1 Nd5 44. Rxf5 Nc3+ 45. bxc3 Rxf5 46. g7 Rb5+ 47. Kc2 1-0

[Event "Rilton Cup 45th"]
[Site "Stockholm"]
[Date "2016.01.02"]
[Round "6"]
[White "Engqvist, Thomas"]
[Black "Schitco, Ivan"]
[Result "1-0"]
[WhiteElo "2358"]
[BlackElo "2210"]
[PlyCount "77"]
[EventDate "2015.12.27"]
[EventType "swiss"]
[EventRounds "9"]
[EventCountry "SWE"]
[SourceTitle "CBM 170 Extra"]
[Source "ChessBase"]
[SourceDate "2016.02.25"]
[SourceVersion "1"]
[SourceVersionDate "2016.02.25"]
[SourceQuality "1"]

1. e4 e6 2. d3 d5 3. Qe2 Be7 4. g3 Nf6 5. Nf3 0-0 6. Bg2 c5 7. 0-0 Nc6 8. e5 Nd7 9. c4 a6 10. h4 Re8 11. Bf4 h6 12. h5 b5 13. Nc3 bxc4 14. dxc4 d4 15. Ne4 Bb7 16. Rfe1 Nb4 17. Nh2 Qb6 18. Qd2 Bf8 19. Ng4 Kh7 20. a3 Nc6 21. Bf1 Ncxe5 22. Nxe5 Nxe5 23. Bxe5 f5 24. Bg2 fxe4 25. Bxe4+ Bxe4 26. Rxe4 Bd6 27. b4 Bxe5 28. Rxe5 cxb4 29. axb4 Rab8 30. b5 axb5 31. cxb5 Qd6 32. Qd3+ Kh8 33. Rae1 Rb6 34. Kh2 Rf8 35. f4 Ra8 36. Qg6 Ra2+ 37. Kh3 Qd7 38. f5 Rxb5 39. Rxe6 1-0

[Event "SWE-chT 1516"]
[Site "Sweden"]
[Date "2015.11.07"]
[Round "2.2"]
[White "Engqvist, Thomas"]
[Black "Penalver, Osmani"]
[Result "1-0"]
[WhiteElo "2353"]
[BlackElo "2266"]
[PlyCount "51"]
[EventDate "2015.11.06"]
[EventType "team-tourn"]
[EventRounds "9"]
[EventCountry "SWE"]
[SourceTitle "CBM 169 Extra"]
[Source "ChessBase"]
[SourceDate "2015.12.18"]
[SourceVersion "1"]
[SourceVersionDate "2015.12.18"]
[SourceQuality "1"]
[WhiteTeam "Stockholm Rockaden"]
[BlackTeam "Limhamn"]
[WhiteTeamCountry "SWE"]
[BlackTeamCountry "SWE"]

1. Nf3 Nf6 2. c4 e6 3. Nc3 Bb4 4. Qc2 0-0 5. a3 Bxc3 6. Qxc3 Ne4 7. Qc2 d5 8. g3 c6 9. Bg2 f5 10. d3 Nf6 11. b4 a5 12. b5 a4 13. Rb1 Bd7 14. bxc6 Bxc6 15. 0-0 dxc4 16. Qxc4 Bd5 17. Qh4 Nc6 18. Rxb7 Ne5 19. Nxe5 Bxg2 20. Rxg7+ Kxg7 21. Bh6+ Kh8 22. Bxf8 Kg8 23. Bb4 Ng4 24. Be7 Qe8 25. Qg5+ Kh8 26. Nxg4 1-0